| 000 | 01131nam a22002057a 4500 | ||
|---|---|---|---|
| 003 | JO-AjAnu | ||
| 005 | 20240921095514.0 | ||
| 008 | 240918b jo ||||| |||| 00| 0 ara d | ||
| 040 |
_aJO-AjAnu _bara _cJO-AjAnu _erda |
||
| 041 |
_aara _hara |
||
| 050 |
_aHD38.5 _b2024 |
||
| 100 | 1 |
_aالشريدة، مها نواف حمد _eمعد _966228 |
|
| 245 | 0 |
_aاثر قدرات سلسلة التوريد في تعزيز الاسبقيات التنافسية في الشركات الصناعية الغذائية-الأردن = The Impact of Supply Chain Capabilities in Enhancing Compaetitive Priorities at Food Industrial Companies- Jordan _c / اعداد مها نواف حمد الشريدة ؛ اشراف محمد عبد حسين الطائي |
|
| 260 | _c2024 | ||
| 300 | _a129 ورقة | ||
| 504 | _aرسالة جامعية(رسالة ماجستير في ادارة الاعمال)-(جامعة عجلون الوطنية) عجلون، الاردن، كلية الاعمال، 2024 | ||
| 650 | 7 | 0 |
_aالتوريدات-ادارة _966231 |
| 700 | 1 |
_aالطائي، محمد عبد حسين _eمشرف _966089 |
|
| 942 |
_2lcc _cTHS _n0 |
||
| 999 |
_c33697 _d33697 |
||